| 000 | 00682nam a22001817a 4500 | ||
|---|---|---|---|
| 008 | 150116b xxu||||| |||| 00| 0 eng d | ||
| 020 | _a0060728892 | ||
| 050 | _aQ175.3.D97 2004 | ||
| 100 |
_aDyson, Freeman J. _914172 |
||
| 245 |
_aInfinite in all directions: _bGifford lectures given at Aberdeen, Scotland, April-November 1985/ _cFreeman J. Dyson ; edited by the author. |
||
| 260 |
_aNew York : _bHarper & Row , _c1988. |
||
| 300 |
_axiii, 321p. ; _c20 cm. |
||
| 500 | _aIncludes bibliographical references and index. | ||
| 650 |
_aScience _xPhilosophy _914173 |
||
| 650 |
_aEngineering _xPhilosophy _914174 |
||
| 650 |
_aBiology _xPhilosophy _914175 |
||
| 942 |
_2lcc _cMONOGRAPH _02 |
||
| 999 |
_c121747 _d121747 |
||